000 00551ntaaa2200217 4500
003 01
005 20251027201908.0
008 0714s1973 ag 01
040 _aAR-BaBN
_bspa
_cAR-BaBN
_eaacr
_dRIC
082 _a244.1000 L58
100 _aLewis, Gladys
_917458
245 _aEster compra una Biblia
250 _a1 ed.
260 _aEl Paso :
_bCBP,
_c1971
300 _a31 p.
500 _aUn relato verĂ­dico del Paraguay
650 _aParaguay-Misiones
_917459
650 _aBiblia-Valor
650 _aMisiones-Paraguay
_917460
942 _cBK
999 _c13655
_d13655